Miradas crt̕icas sobre la trata de seres humanos

Bibliographic Details
Main Author: Hurtado, Mn̤ica
Other Authors: Iranzo, ℓngela
Format: eBook
Language:Spanish
Published: Bogot:̀ Universidad de Los Andes (Colombia), 2015
Subjects:
Online Access:Acceso restringido

MARC

LEADER 00000nam a22000007a 4500
005 20190521220016.0
007 cr|||| ||||
008 190521s2015 co |||||s|||| 00||0 spa d
020 |a 978-958-774-148-3 
035 |a 23354 
040 |a vLex 
090 |c 8794  |d 8794 
100 1 |a Hurtado, Mn̤ica 
245 1 0 |a Miradas crt̕icas sobre la trata de seres humanos  |h [Recurso electrn̤ico] /  |c Mn̤ica Hurtado, ℓngela Iranzo 
256 |a Servicio en ln̕ea 
260 |a Bogot:̀  |b Universidad de Los Andes (Colombia),  |c 2015 
300 |a 1 recurso electrn̤ico 
506 1 |a Disponible solo en los productos indicados  |d vLex Global  |d vLex Global (Academic Edition, excluding Law Schools)  |d vLex Global (U.S. Academic Edition, Law Schools)  |d vLex Global (U.S. Academic Edition, excluding Law Schools)  |d vLex Global (Academic Edition, Law Schools) 
650 0 4 |a Derecho Internacional  |z Colombia 
700 1 |a Iranzo, ℓngela 
740 0 |a vLex Libros (Servicio en ln̕ea) 
856 4 0 |u http://vlex.com/source/miradas-criticas-trata-seres-humanos-23354  |z Acceso restringido 
942 |c BOOK 
999 0 |a International right